000 00700nab a2200193 4500
001 244442
003 OSt
005 20230616083850.0
007 tu
008 200917s2020|||||||
040 _aDE-2950
_cDE-2950
245 0 0 _aFernwärmeaustausch mit Slubice auf der Kippe.
_bEnergie. Seit 2015 liefern die Stadtwerke im Winter Fernwärme nach Slubice, im Sommer fließt vom polnischen Heizwerk Warnwasser nach Frankfurt. Doch ist die Zukunft für das Projekt ungewiss /
_cThomas Gutke
264 _c2023
653 _aFrankfurt (Oder)
653 _aSlubice
653 _aFernwärme
773 0 _g34. Jahrgang (2023) Nr. 133 vom 10.06.2023, S. 15: mit Foto
_tMärkische Oderzeitung
942 _2z
_cA
999 _c372543
_d372543